banner koha

Sample size for estimating average productive traits of pigeon pea (Registro n. 300231)

MARC details
000 -LÍDER
fixed length control field 03164nab a2200313 i 4500
003 - CÓDIGO MARC DA AGÊNCIA CATALOGADORA
Campo de controle BR-BrBNA
005 - DATA E HORA DA ÚLTIMA ATUALIZAÇÃO
Campo de controle 20240625130830.0
008 - CAMPO DE TAMANHO FIXO
fixed length control field 240625b2016 bl.mr|pooa||| 00| 0 eng |
040 ## - FONTE DA CATALOGAÇÃO
Agência catalogadora BR-BrBNA
Idioma da catalogação eng
072 ## - CATEGORIA AGRIS
Código AGRIS F01
Código do objeto 1480
100 ## - ENTRADA PRINCIPAL - NOME PESSOAL
Nome pessoal Facco, Giovani
100 ## - ENTRADA PRINCIPAL - NOME PESSOAL
Nome pessoal Cargnelutti Filho, Alberto
100 ## - ENTRADA PRINCIPAL - NOME PESSOAL
Nome pessoal Alves, Bruna Mendonça
100 ## - ENTRADA PRINCIPAL - NOME PESSOAL
Nome pessoal Burin, Cláudia
100 ## - ENTRADA PRINCIPAL - NOME PESSOAL
Nome pessoal Santos, Gustavo Oliveira dos
100 ## - ENTRADA PRINCIPAL - NOME PESSOAL
Nome pessoal Kleinpaul, Jéssica Andiara
100 ## - ENTRADA PRINCIPAL - NOME PESSOAL
Nome pessoal Neu, Ismael Mario Márcio
245 ## - TÍTULO PRINCIPAL
Título principal Sample size for estimating average productive traits of pigeon pea
500 ## - NOTA GERAL
Nota geral Publicação on-line; 15 ref.; 2 tables; Sumaries (En, Pt)
942 ## - ADDED ENTRY ELEMENTS (KOHA)
Koha item type
520 ## - NOTA DE RESUMO
Nota de conteúdo <br/><br/>ABSTRACT - The objectives of this study were to determine the sample size, in terms of number of plants, needed to estimate the average values of productive traits of the pigeon pea and to determine whether the sample size needed varies between traits and between crop years. Separate uniformity trials were conducted in 2011/2012 and 2012/2013. In each trial, 360 plants were demarcated, and the fresh and dry masses of roots, stems, and leaves and of shoots and the total plant were evaluated during blossoming for 10 productive traits. Descriptive statistics were calculated, normality and randomness were checked, and the sample size was calculated. There was variability in the sample size between the productive traits and crop years of the pigeon pea culture. To estimate the averages of the productive traits with a 20% maximum estimation error and 95% confidence level, 70 plants are sufficient.<br/><br/>Key words: Cajanus cajan L., sample size, experimental precision.
520 ## - NOTA DE RESUMO
Nota de conteúdo <br/><br/>RESUMO - Os objetivos deste trabalho foram determinar o tamanho de amostra, em número de plantas, para a estimação da média de caracteres produtivos de feijão guandu e verificar se há variabilidade do tamanho de amostra entre caracteres e anos agrícolas. Foram conduzidos dois ensaios de uniformidade, um em 2011/2012 e o outro em 2012/2013. Em cada ensaio, foram demarcadas 360 plantas e, no florescimento, foram avaliadas as massas verde e seca de raiz, caule, folha, parte aérea e total, totalizando dez caracteres produtivos. Foram calculadas estatísticas descritivas, verificada a normalidade e a aleatoriedade e calculado o tamanho de amostra. Na cultura de feijão guandu, há variabilidade do tamanho de amostra entre os caracteres produtivos e entre os anos agrícolas. Para a estimação da média dos caracteres produtivos, com erro de estimação máximo de 20% da média e com grau de confiança de 95%, 70 plantas são suficientes.<br/><br/>Palavras-chave: Cajanus cajan L., dimensionamento amostral, precisão experimental.
650 ## - ASSUNTO - THESAGRO
Cabeçalho tópico ou nome geográfico GUANDU
650 ## - ASSUNTO - THESAGRO
Cabeçalho tópico ou nome geográfico AMOSTRAGEM
650 ## - ASSUNTO - THESAGRO
Cabeçalho tópico ou nome geográfico PRODUTIVIDADE
773 0# - ENTRADA ANALÍTICA
Host Biblionumber 2408
Registro do item 314926
Imprenta Santa Maria-RS Universidade Federal de Santa Maria - Centro de Ciências Rurais 1991
Outro identificador 2024-1177
Título Ciência Rural (Brazil)
ISSN 0103-8478
Colação v. 46(3) p. 619-625; (2016)
Número de controle de registro BR2024001270
856 ## - ACESSO E ENDEREÇO ELETRÔNICO
Identificador uniforme de recurso - URI https://www.scielo.br/j/cr/a/sFyVTwrfB4k5w7Nc5nmjqYs/?format=pdf&lang=en

Nenhum exemplar disponível.

BINAGRI

Telefone: (61)3218-2567/2388/3357/2097 - binagri@agro.gov.br

Ministério da Agricultura e Pecuária , Esplanada dos Ministérios, Bloco D, Anexo B, Brasília/DF, CEP: 70.043-900